|
|
|
|
| LEADER |
00000cam a2200000 7i4500 |
| 001 |
0000237694 |
| 005 |
20240403130214.0 |
| 020 |
|
|
|a 9781408896792
|
| 040 |
|
|
|a MBPJ
|b eng
|c MBPJ
|e rda
|
| 090 |
0 |
0 |
|a 305.896073
|b FIR
|
| 245 |
1 |
4 |
|a The fire this time :
|b a new generation speaks about race
|c edited by; Jesmyn Ward
|
| 260 |
|
|
|a London :
|b Bloomsbury Circus ,
|c 2018
|
| 300 |
|
|
|a 226p ;
|c 22cm.
|
| 336 |
|
|
|a text
|2 rdacontent
|
| 337 |
|
|
|a unmediated
|2 rdamedia
|
| 338 |
|
|
|a volume
|2 rdacarrier
|
| 650 |
|
0 |
|a African American in literature
|
| 650 |
|
0 |
|a African Americans
|x Social conditions
|y 21st century
|
| 650 |
|
0 |
|a Racism
|z United States
|
| 700 |
1 |
|
|a Ward, Jesmyn ,
|e editor
|
| 999 |
|
|
|a 00373118
|b BUKU
|c PINJAMAN
|e PERPUSTAKAAN KOMUNITI PETALING JAYA
|